00435nam a2200193Ia 4500003000900000005001700009008004100026040001300067040001300080041000800093100002000101100000700121245006800128250000900196260000900205300001100214300001000225490000600235IT-RoPAU20220918175723.0120407s9999 xx 000 0 und d aIT-RoPAU cIT-RoPAU aita aGiuseppe da Bra cp. aLe iscrizioni latine della basilica di S. Lorenzo fuori le Mura aRoma c1931 a165 p. c24 cm v1